00629nam a2200181 a 450000100100000000500170001000800410002702000150006804000250008310000300010824500820013826000310022030000210025150000210027250400320029395201050032599900170043000004300420201002040550.0140217s1985 xxuac 001 0 spa d a0393022285 aDO-SdBNPbspacBNPHU1 aGould, Stephen Jay97052400aThe flamingo´s smile :breflections in natural history /cStephen Jay Gould. aNew York :bNorton,c1985. a476 p. ;c22 cm. aIncluye índice aBibliografía : p. 451-458 001050718MOaGRbGRcCTd2014-02-17iLF1l0o p43004-10r2020-06-25w2020-06-25y1ZNo se presta c42493d42493